00607 2200229 4500001002100000005001700021008004100038020001800079035002400097082000800121090002000129100002300149245004400172260003100216300002400247440003400271650001200305850001200317980001800329985000600347999002400353YOGYA-0209000005638120090227034000.0 ind  a979-21-0947-1 0010-020900000056381 a264 a264bMar SlDEP aMARTASUJITA, Pr. E aSeputar ibadat sabdacE. Martasujita Pr aYogyakartabKanisiusc2004 a99 hlmbilusc20 cm a(Seri Panduan Pendidikan ; 2) aLiturgi aYOPDYOG a19 April 2005 a1 a2004-179 h CB-D. 11